00484 2200181 4500001002100000005001500021035002000036245004400056100002400100250001100124300005500135260003200190082001000222084001600232020001800248600002000266504001600286INLIS00000000000029920230324102806 a0010-03230002841 aEvaluasi Sumberdaya Lahan /cR.P,Santun0 aSantun R.P. Sitorus aCet.3, a186 hal, :bBibliografi, ix, ;c25 cmeBibliografi aBandung : :bTarsito,c1996 a371.3 a371.3 SAN e a979-8903-69-2 4aTanah Pertanian aBibliografi